Logo BPK

Biblioteka

Politechniki Koszalińskiej

Conflict in urban development : (Rekord nr 30795)

Szczegóły MARC
000 -ETYKIETA REKORDU
podpole kontrolne o stałej długości 00744nam a2200241 i 4500
001 - NUMER KONTROLNY REKORDU
pole kontrolne bg
020 ## - MIĘDZYNARODOWY ZNORMALIZOWANY NUMER KSIĄŻKI - ISBN
ISBN 1857420403
040 ## - ŹRÓDŁO KATALOGOWANIA
Instytucja, która utworzyła rekord BPK
041 0# - KOD JĘZYKA
Kod języka tekstu en
080 ## - UNIWERSALNA KLASYFIKACJA DZIESIĘTNA - UKD
UKD 316.334.56:316.48](4)
920 ## - Międzynarodowy znormalizowany numer książki – ISBN
ISBN 1-85742-040-3
008 - POLE O STAŁEJ DŁUGOŚCI - DANE KONTROLNE
podpole kontrolne o stałej długości s pl f |000 0 pol
245 70 - TYTUŁ/ODPOWIEDZIALNOŚĆ
Tytuł Conflict in urban development :
Ciąg dalszy tytułu a comparison between East and West Europe /
Pozostałe elementy strefy tytułu i oznaczenia odpowiedzialności Arie Dekker [et al.].
260 ## - STREFA ADRESU WYDAWNICZEGO
Miejsce wydania [Hants] :
Nazwa wydawcy/dystrybutora Ashgate,
Data publikacji, dystrybucji/powstania dokumentu cop. 1992.
300 ## - STREFA OPISU FIZYCZNEGO
Objętość XI, 181 s. :
Inne cechy fizyczne rys. ;
Rozmiary 24 cm.
504 ## - UWAGA DOTYCZĄCA BIBLIOGRAFII
Informacje o bibliografii Bibliogr. przy rozdz.
650 #9 - HASŁO PRZEDMIOTOWE W FORMIE NAZWY OGÓLNEJ LUB JEDNOSTKOWEJ
Nazwa ogólna lub geograficzna Konflikt społeczny
Określnik ogólny zagadnienia
Określnik geograficzny Europa
650 #9 - HASŁO PRZEDMIOTOWE W FORMIE NAZWY OGÓLNEJ LUB JEDNOSTKOWEJ
Nazwa ogólna lub geograficzna Miasta
Określnik ogólny socjologia
Określnik geograficzny Europa
650 #9 - HASŁO PRZEDMIOTOWE W FORMIE NAZWY OGÓLNEJ LUB JEDNOSTKOWEJ
Nazwa ogólna lub geograficzna Społeczności lokalne
Określnik ogólny socjologia
650 #9 - HASŁO PRZEDMIOTOWE W FORMIE NAZWY OGÓLNEJ LUB JEDNOSTKOWEJ
Nazwa ogólna lub geograficzna Socjologia
Określnik ogólny zagadnienia
700 1# - HASŁO DODATKOWE - NAZWA OSOBOWA
Nazwa osobowa DEKKER, Arie.
856 ## - LOKALIZACJA I DOSTĘP DO ELEKTRONICZNYCH DOKUMENTÓW ZDALNYCH
Link (URL) http://koha.tu.koszalin.pl/cgi-bin/koha/opac-detail.pl?biblionumber=30795
Tekst linku Katalog online BPK
942 ## - DODATKOWE ELEMENTY (KOHA)
Typ dokumentu Książka
Egzemplarze
Wycofany Status egzemplarza Uszkodzony Dostępność Lokalizacja stała Lokalizacja bieżąca Miejsce przechowywania Sygnatura Kod kreskowy Typ dokumentu
      Dostępny Biblioteka Politechniki Koszalińskiej Biblioteka Politechniki Koszalińskiej Wypożyczalnia BG 37649 01928600 Książka
© 2023 Biblioteka Politechniki Koszalińskiej :: KOHA